000 00591nam a2200169 i 4500
001 134583
003 ES-MaACL
005 20230906194714.0
007 t|
008 070912s1933 xxk ||||1| eng d
100 1 _aWicksteed, Philip Henry.
_9116743
245 1 4 _aThe common sense of political economy, and selected papers and reviews on economic theory /
_cedited with an introduction by Lionel Robbins.
260 _aLondon :
_bGeorge Routledge,
_c1933.
300 _a2 v. ;
_c22 cm.
700 0 _aRobbins, Lionel Charles
_c, Baron (
_d1898-1984)
_997789
852 _aES-MaACL
_jA-3450-1
999 _c134583
_d134583